গণমানুষের অর্থনীতিবিদ আবুল বারকাত /
Contributed articles on the life of Abul Barkat, renowned economist from Bangladesh.
| Другие авторы: | |
|---|---|
| Формат: | |
| Язык: | Bengali English |
| Опубликовано: |
ঢাকা :
অর্থসংবাদ প্রকাশনা,
২০১৪.
|
| Предметы: | |
| Classic Catalogue: | View this record in Classic Catalogue |
| LEADER | 01915nam a2200409 i 4500 | ||
|---|---|---|---|
| 001 | 38220 | ||
| 003 | BD-DhAAL | ||
| 005 | 20220327151215.0 | ||
| 008 | 220327t2014 bg b 001 0bbenod | ||
| 999 | |c 43895 |d 43895 | ||
| 010 | |a 2014361553 | ||
| 020 | |a 9789843362728 | ||
| 025 | |a B-B-2014-361553; 22-91 | ||
| 035 | |a (MFDhaka) 2014361553 | ||
| 037 | |b Library of Congress -- New Delhi Overseas Office | ||
| 040 | |a DLC |b eng |e rda |c DLC |d DLC |d BD-DhAAL | ||
| 041 | 0 | |a ben |a eng | |
| 042 | |a lcode |a pcc | ||
| 043 | |a a-bg--- | ||
| 050 | 0 | 0 | |a HB126.B263 |b B37 2014 |
| 082 | |a 332.1095492 | ||
| 245 | 0 | 0 | |a গণমানুষের অর্থনীতিবিদ আবুল বারকাত / |c প্রধান সম্পাদক, আশরাফ উদ্দিন চৌধুরী |
| 246 | 3 | 0 | |a Abula Barakata |
| 246 | 3 | 1 | |a Gonomanusher arthonitibid Abul Barkat |
| 260 | |a ঢাকা : |b অর্থসংবাদ প্রকাশনা, |c ২০১৪. | ||
| 300 | |a ৯৭৭ পৃষ্ঠা ; |c ২৩ সে.মি. | ||
| 504 | |a গ্রন্থপঞ্জিগত নির্দেশিকা (পৃষ্ঠা ৮০২-৮৭৫) ও নির্ঘণ্ট অন্তর্ভুক্ত। | ||
| 520 | |a Contributed articles on the life of Abul Barkat, renowned economist from Bangladesh. | ||
| 541 | |a Donated By Akbar Ali Khan |e 38220 | ||
| 546 | |a In Bengali; includes passages in English. | ||
| 600 | 1 | 0 | |a Barkat, Abul. |9 47462 |
| 650 | 0 | |a Economists |z Bangladesh |v Biography. |9 47463 | |
| 650 | 0 | |a Economists |z Bangladesh. |9 47465 | |
| 700 | 1 | |a Caudhurī, Āśarāpha Uddina, |e editor. |9 47464 | |
| 852 | |a Ayesha Abed Library |c Akbar Ali Khan Collection | ||
| 942 | |2 ddc |c BK | ||
| 952 | |0 0 |1 0 |2 ddc |4 0 |6 332_109549200000000_GON |7 1 |9 70291 |a BRACUL |b BRACUL |c AAKC |d 2022-03-27 |e Donated by Akbar Ali Khan |l 0 |o 332.1095492 GON |p 3010038220 |r 2022-03-27 |t 1 |w 2022-03-27 |y BK | ||